1004 1332 1402 1893 1763 1221 1389 1137 1138 1665 1021 1369 1430 1604 1233 1786 1072 1166 1345 1702 1311 1526 1428 1778 1385 1597 1675 1423 1132 1885 1223 1602 1789 1769 1827 1242 1395 1839 1432 1390 1058 1223 1953 1838 1673 1450 1393 1191 1821 1316 1432 1785 1327 1650 1239 1575 1026 1029 1444 1064 1589 1013 1566 1163 1165 1032 1037 1424 1441 1122 1113 1978 1497 1119 1874 1057 1697 1445 1276 1649 1086 1039 1499 1488 1538 1620 1308 1792 1604 1746 1094 1941 1875 1054 1993 1593 1384 1203 1095 BCNSPRNW ULIB Ver.6.0+V

เปลี่ยนเป็นภาษาไทย

Change to English
 แสดงรายละเอียดบรรณานุกรม
  กลับหน้าหลัก

Brief Record : Get Marc (ISO 2709) : E-mail record : QR code < ปิดหน้าต่าง
LEADER : 00000nam 2200000uu 4500
001    13399114438
003     ULIB
008    120329s2544||||th 000 0 tha d
020    ^a9746627996 (pbk.)
060 04 ^aWA465^bว582อ 2544
100 0  ^aวิทยา อยู่สุข
245 10 ^aอาชีวอนามัย ความปลอดภัย และสิ่งแวดล้อม =^bOccupational
246 31 ^aOccupational health, safety and environment
260    ^aกรุงเทพฯ :^bโรงพิมพ์นำอักษรการพิมพ์,^c2544
300    ^a235 หน้า :^bภาพประกอบ ;^c29 ซม.
500    ^aSend to Single Search
650  4 ^aการควบคุมคุณภาพ^xมาตรฐาน
650  4 ^aอาชีวอนามัย
650  4 ^aความปลอดภัยในการทำงาน
650  4 ^aสิ่งแวดล้อม
650  4 ^aไอเอสโอ 9000
945    ^p260^l0^i12886
945    ^p260^l0^i12887
945    ^p260^l0^i11913
995    ^aกัณชพร
999 ^a ใช้งานได้ทุกระบบ
รายการนี้ยังไม่มีแท็ก
คุณยังไม่ได้ล็อกอิน คุณสามารถมีกิจกรรมร่วมกับเว็บไซต์ได้ แต่ต้องล็อกอินก่อน ::
  ล็อกอิน

รายการสื่อสารสนเทศ

ลำดับที่ ประเภท เลขเรียก/บาร์โค้ด สถานที่ สถานะ
- ไม่พบข้อมูล -

รายการใกล้เคียง
    ผู้แต่ง [วิทยา อยู่สุข]

    หัวเรื่อง [อาชีวอนามัย]
    หัวเรื่อง [ความปลอดภัยในการทำงาน]
    หัวเรื่อง [สิ่งแวดล้อม]

BibComment


ยังไม่เคยถูกคอมเมนท์

คอมเมนท์ทรัพยากรรายการนี้
  คอมเมนท์: อาชีวอนามัย ความ..


 Copyright 2026. Bcnsprnw @Library